000 00540ata a2200205 4500
005 20170127104954.0
008 150721b xxu||||| |||| 00| 0 spa d
041 _aspa
082 _a378.4 B638m
100 _aBlanc Masias, Marcelo
_915218
245 _aTécnicas de dinámica de grupo para la comunicación didáctica
260 _aCosta Rica
260 _bEUNED
260 _c1986
300 _a64 páginas
650 _aCOSTA RICA
_937376
650 _aEDUCACIÓN A DISTANCIA
_915213
650 _aMETODOLOGÍA
_9360
942 _cBK
999 _c184
_d184